000 00561nam a2200169 i 4500
001 142383
003 ES-MaACL
005 20230906200516.0
007 t|
008 071004s1971 sp ||||1| spa d
100 1 _aWisdorf, Josef.
_9117143
245 1 3 _aLa contestación de sí mismas
_b: (para las jóvenes de 15 a 20 años /
_cJosef Wisdorf ; [traducción de Francisco Fuentenebro].
260 _aMadrid :
_bEdiciones Paulinas,
_c1971.
300 _a174 p. ;
_c18 cm.
700 1 _aFuentenebro, Francisco.
_952886
852 _aES-MaACL
_jC-54156
_bR.82365
999 _c142383
_d142383